000 00428nam a22001337a 4500
008 110513t xxu||||| |||| 00| 0 eng d
020 _a0406940053
082 _a348.043
245 _aLow Reports of the Commonwealth 2001 Vol 1 /
260 _aLondon:
_bButterworths,
_c2011.
300 _av;
942 _2ddc
_cBK
999 _c1854
_d1854